Joan Brossa : poesia visual, poemes objecte, cartells : ... maig/ poesia visual, poemes objecte, cartells :
Publicado:
[Barcelona] :
Departament de Cultura de la Generalitat de Catalunya. Servei d'Arts Plàstiques, DL 1983
Descripción Física:
[56] p. : il. col. ; 29 cm
Otros Autores:
Catalunya. Servei d'Arts Plàstiques
MARC
| LEADER | 00000nam a2200000Ia 4500 | ||
|---|---|---|---|
| 001 | 1326 | ||
| 008 | 160829s9999 xx 000 0 cat d | ||
| 080 | |a B-1-369 | ||
| 100 | 1 | |a Brossa, Joan, |d 1919-1998 |9 36623 | |
| 245 | |a Joan Brossa : |b poesia visual, poemes objecte, cartells : |b ... maig/ |c desembre de 1983 : [catàleg de l'exposició] | ||
| 260 | |a [Barcelona] : |b Departament de Cultura de la Generalitat de Catalunya. Servei d'Arts Plàstiques, DL 1983 | ||
| 300 | |a [56] p. : |b il. col. ; |c 29 cm | ||
| 600 | 1 | 0 | |a Brossa, Joan, |d 1919-1998 |v Exposicions |9 55229 |
| 700 | |a Catalunya. Servei d'Arts Plàstiques |9 35274 | ||
| 901 | |a Arxiu | ||
| 942 | |n 1 | ||
| 952 | |0 0 |1 0 |4 0 |6 B1369 |7 1 |9 41294 |a Arxiu |b Arxiu |d 2016-12-01 |l 0 |o B-1-369 |p 1326 |r 2016-12-01 00:00:00 |w 2016-12-01 |y ARXIU | ||
| 999 | |c 43077 |d 43077 | ||